<?xml version="1.0" encoding="UTF-8"?>
<record
    xmlns:xsi="http://www.w3.org/2001/XMLSchema-instance"
    xsi:schemaLocation="http://www.loc.gov/MARC21/slim http://www.loc.gov/standards/marcxml/schema/MARC21slim.xsd"
    xmlns="http://www.loc.gov/MARC21/slim">

  <leader>00795nam a22002537a 4500</leader>
  <controlfield tag="005">20170123162318.0</controlfield>
  <datafield tag="010" ind1=" " ind2=" ">
    <subfield code="a">A-062082</subfield>
  </datafield>
  <datafield tag="020" ind1=" " ind2=" ">
    <subfield code="c">00.00</subfield>
  </datafield>
  <datafield tag="035" ind1=" " ind2=" ">
    <subfield code="a">A-062082</subfield>
  </datafield>
  <datafield tag="037" ind1=" " ind2=" ">
    <subfield code="b">Cen Lib/Ret</subfield>
  </datafield>
  <datafield tag="040" ind1=" " ind2=" ">
    <subfield code="a">DPL</subfield>
    <subfield code="b">UR</subfield>
  </datafield>
  <datafield tag="082" ind1=" " ind2=" ">
    <subfield code="a">841</subfield>
    <subfield code="b">&#x62C; &#x648; &#x634;</subfield>
  </datafield>
  <datafield tag="100" ind1=" " ind2=" ">
    <subfield code="a">&#x62E;&#x648;&#x634; &#x645;&#x6CC;&#x644;&#x62D; &#x622;&#x628;&#x627;&#x62F;&#x6CC; </subfield>
    <subfield code="9">615</subfield>
  </datafield>
  <datafield tag="245" ind1=" " ind2=" ">
    <subfield code="a">&#x641;&#x6A9;&#x631;&#x648; &#x646;&#x634;&#x627;&#x637; /</subfield>
    <subfield code="c">&#x62E;&#x648;&#x634; &#x645;&#x6CC;&#x644;&#x62D; &#x622;&#x628;&#x627;&#x62F;&#x6CC; </subfield>
  </datafield>
  <datafield tag="246" ind1=" " ind2=" ">
    <subfield code="a">Fakhr-o-nishat /</subfield>
    <subfield code="b">by Khosh Mila Aaabadi </subfield>
  </datafield>
  <datafield tag="260" ind1=" " ind2=" ">
    <subfield code="a">&#x645;&#x645;&#x628;&#x626;&#x6CC; </subfield>
    <subfield code="b">&#x6A9;&#x62A;&#x628; &#x62E;&#x627;&#x646;&#x6C1; </subfield>
    <subfield code="c">[s.n.]</subfield>
  </datafield>
  <datafield tag="270" ind1=" " ind2=" ">
    <subfield code="a">&#x62A;&#x627;&#x62C; &#x622;&#x641;&#x633; &#x645;&#x62D;&#x645;&#x651;&#x62F; &#x639;&#x645;&#x644;&#x6CC; &#x631;&#x648;&#x688; </subfield>
    <subfield code="b">&#x645;&#x645;&#x628;&#x626;&#x6CC; </subfield>
  </datafield>
  <datafield tag="300" ind1=" " ind2=" ">
    <subfield code="a">116p.</subfield>
    <subfield code="c">21cm(Hb)</subfield>
  </datafield>
  <datafield tag="650" ind1=" " ind2=" ">
    <subfield code="a"> &#x627;&#x62F;&#x628; - &#x627;&#x631;&#x62F;&#x648;</subfield>
    <subfield code="9">115768</subfield>
  </datafield>
  <datafield tag="650" ind1=" " ind2=" ">
    <subfield code="a"> &#x627;&#x631;&#x62F;&#x648;&#x634;&#x627;&#x639;&#x631;&#x6CC;</subfield>
    <subfield code="9">115769</subfield>
  </datafield>
  <datafield tag="650" ind1=" " ind2=" ">
    <subfield code="a">Literature -- Urdu </subfield>
    <subfield code="9">115770</subfield>
  </datafield>
  <datafield tag="650" ind1=" " ind2=" ">
    <subfield code="a">Urdu poetry</subfield>
    <subfield code="9">115771</subfield>
  </datafield>
  <datafield tag="942" ind1=" " ind2=" ">
    <subfield code="2">ddc</subfield>
    <subfield code="c">UR</subfield>
    <subfield code="h">841</subfield>
    <subfield code="m">&#x62C; &#x648; &#x634;</subfield>
  </datafield>
  <datafield tag="999" ind1=" " ind2=" ">
    <subfield code="c">106868</subfield>
    <subfield code="d">106868</subfield>
  </datafield>
  <datafield tag="952" ind1=" " ind2=" ">
    <subfield code="0">0</subfield>
    <subfield code="1">0</subfield>
    <subfield code="4">0</subfield>
    <subfield code="7">0</subfield>
    <subfield code="a">L</subfield>
    <subfield code="b">L</subfield>
    <subfield code="d">2015-12-30</subfield>
    <subfield code="e">Cen Lib/Ret</subfield>
    <subfield code="g">0.00</subfield>
    <subfield code="l">0</subfield>
    <subfield code="o">841 &#x62C; &#x648; &#x634;</subfield>
    <subfield code="p">A-062082</subfield>
    <subfield code="r">2015-12-30 00:00:00</subfield>
    <subfield code="t">1</subfield>
    <subfield code="v">0.00</subfield>
    <subfield code="w">2015-12-30</subfield>
    <subfield code="y">UR</subfield>
  </datafield>
</record>
